000 00626nam a22002177a 4500
001 00260
003 DO-SdBNP
005 20180307114506.0
008 151120b 1985 sp xxu||||| |||| 00| 0 spa d
020 _a847245147X
040 _aBPMSU
_bspa
_cBPMSU
092 _axxxxx
_bxxxxx
245 0 0 _aBe bop a lula :
_bbiografía del rock /
_credacción: Luis Crespo ... et al.
260 _aBarcelona :
_b Caixa de Pensions : Kairós,
_c1985.
300 _a109 p. :
_bil. ;
_c30 cm.
700 1 2 _aCrespo, Lluís
910 _a00260
942 _2ddc
_cBK
945 _ainventariado, 2018 / dg
956 _aLorenza Pérez
_b10
999 _c8851
_d8851